00469nam a2200181 a 4500001001300000003000900013005001700022008004100039020001000080082001600090100001800106245002600124260004800150300000900198500003500207650002700242700001800269nice12345678IN_TiNIC20260116011835.0050524s1932 laha grp 000 0 urd  ac10000a232.96bBAR aBarkatullah,  aKalmatullah Ki Taleem aLahorebPunjab Religious Booksociety c1932 a231p aincludes index and biblioraphy aJesus Christ-Teachings1 aBarkatullah,